Faculty of Law Library — Cairo University

Official Online Catalog

Les Institutions Pénitentiaires De L'algérie / (Record no. 73923)

MARC details
000 -LEADER
fixed length control field 01082nam a2200313 i 4500
003 - CONTROL NUMBER IDENTIFIER
control field EG-GICUC
005 - DATE AND TIME OF LATEST TRANSACTION
control field 20260429094203.0
008 - FIXED-LENGTH DATA ELEMENTS--GENERAL INFORMATION
fixed length control field 260428s1899 fr ||||f||||| 00| 0 fre d
040 ## - CATALOGING SOURCE
Original cataloging agency EG-GiCUC
Language of cataloging fre
Transcribing agency EG-GiCUC
Modifying agency EG-GiCUC
Description conventions Rda
041 ## - LANGUAGE CODE
Language code of text/sound track or separate title fre
Language code of original fre
082 04 - DEWEY DECIMAL CLASSIFICATION NUMBER
Edition number 21
Classification number 343.766065
Item number LA . I
092 04 - LOCALLY ASSIGNED DEWEY CALL NUMBER (OCLC)
Edition number 21
099 ## - LOCAL FREE-TEXT CALL NUMBER (OCLC)
Classification number Law1 10 343.766065 LA . I 1899 1011559 C1
100 1# - MAIN ENTRY--PERSONAL NAME
Personal name Larcher, Emile
Relator term Auteur
245 14 - TITLE STATEMENT
Title Les Institutions Pénitentiaires De L'algérie /
Statement of responsibility, etc. Par Emile Larcher, Jean Olier.
264 #1 - PRODUCTION, PUBLICATION, DISTRIBUTION, MANUFACTURE, AND COPYRIGHT NOTICE
Place of production, publication, distribution, manufacture Paris ;
-- Alger :
Name of producer, publisher, distributor, manufacturer Art. Rousseau, Éditeur :
-- Ad. Jourdan, Editeur,
Date of production, publication, distribution, manufacture, or copyright notice 1899.
300 ## - PHYSICAL DESCRIPTION
Extent 268 pages ;
Dimensions 23 cm.
336 ## - CONTENT TYPE
Source rda contenu
Content type term texte
337 ## - MEDIA TYPE
Source rda medias
Media type term Ordinateur
338 ## - CARRIER TYPE
Source transporteur rda
Carrier type term Ressource en ligne
490 0# - SERIES STATEMENT
Materials specified Questions Criminelles Et Sociales
650 14 - SUBJECT ADDED ENTRY--TOPICAL TERM
Topical term or geographic name entry element Droit pénal
650 14 - SUBJECT ADDED ENTRY--TOPICAL TERM
Topical term or geographic name entry element Prisons, établissements pénitentiaires et correctionnels
650 1# - SUBJECT ADDED ENTRY--TOPICAL TERM
Topical term or geographic name entry element Prisons
700 1# - ADDED ENTRY--PERSONAL NAME
Personal name Olier, Jean
Relator term Auteur
856 40 - ELECTRONIC LOCATION AND ACCESS
Uniform Resource Identifier <a href="https://fll.law.cu.edu.eg/fulltext/bks/B10-11559.pdf">https://fll.law.cu.edu.eg/fulltext/bks/B10-11559.pdf</a>
905 ## - Cataloger and Reviser Names
Cataloger Name: Mohamed Yosri
942 ## - ADDED ENTRY ELEMENTS (KOHA)
Source of classification or shelving scheme Dewey Decimal Classification
Suppress in OPAC No
Koha item type Books
Edition 21
Holdings
Withdrawn status Lost status Source of classification or shelving scheme Damaged status Not for loan Collection Home library Current library Date acquired Total checkouts Full call number Barcode Date last seen Copy number Price effective from Koha item type
    Dewey Decimal Classification   Not for loan القانون الجنائي جــــامعة القــاهرة مكتبة كلية الحقوق - المبنى الرئيسي 28.04.2026   Law1 10 343.766065 LA . I 1899 1011559 C1 B10-11559 28.04.2026 1 28.04.2026 Books

© All rights reserved — Faculty of Law, Cairo University